Top 10 Most Populated Cities in Australia - Statistics

General Stats
  • This quiz has been taken 411 times
  • The average score is 7 of 10
Answer Stats
NUMBER Answer % Correct
1 Sydney
99%
4 Perth
98%
2 Melbourne
96%
3 Brisbane
90%
5 Adelaide
88%
8 Canberra
83%
6 Gold Coast
64%
7 Newcastle
50%
10 Sunshine Coast
29%
9 Wollongong
29%
No matching quizzes found
Score Distribution
Percent of People with Each Score
Percentile by Number Answered
Your Score History
You have not taken this quiz